US States Nicknames - Statistics

General Stats
  • This quiz has been taken 66 times
  • The average score is 46 of 50
Answer Stats
Hint Answer % Correct
Aloha Hawaii
100%
Beaver Oregon
98%
Last Frontier Alaska
96%
Golden California
96%
Centennial Colorado
96%
Peach Georgia
96%
Hawkeye Iowa
96%
Granite New Hampshire
96%
Land of Enchantment New Mexico
96%
Buckeye Ohio
96%
Sooner Oklahoma
96%
Grand Canyon Arizona
94%
Constitution Connecticut
94%
Sunshine Florida
94%
Sunflower Kansas
94%
Bluegrass Kentucky
94%
Magnolia Mississippi
94%
Cornhuster Nebraska
94%
Empire New York
94%
Keystone Pennsylvania
94%
Ocean Rhode Island
94%
Mount Rushmore South Dakota
94%
Lone Star Texas
94%
Mountain West Virginia
94%
Badger Wisconsin
94%
Equality Wyoming
94%
Gem Idaho
92%
Old Line Maryland
92%
Wolverine Michigan
92%
Show Me Missouri
92%
Garden New Jersey
92%
Palmetto South Carolina
92%
Volunteer Tennessee
92%
Evergreen Washington
92%
Yellowhammer Alabama
90%
Natural Arkansas
90%
Praire Illinois
90%
Hoosier Indiana
90%
Pelican Louisiana
90%
Pine Tree Maine
90%
North Star Minnesota
90%
Silver Nevada
90%
Beehive Utah
90%
Green Mountain Vermont
90%
Treasure Montana
88%
Old North North Carolina
88%
Peace Garden North Dakota
88%
Old Dominion Virginia
86%
Diamond Delaware
84%
Bay Massachusetts
55%
No matching quizzes found
Score Distribution
Percent of People with Each Score
Percentile by Number Answered
Your Score History
You have not taken this quiz